Wings of Fire - Name one... - Statistics

General Stats
  • This quiz has been taken 117 times
  • The average score is 12 of 20
Answer Stats
Hint Answer % Correct
...pet Bandit/Blob/Daffodil/Dinner/Dragon/Rose/Rover/Shaggy/Silver/Slasher/Snowy/Talkatoo/Toe-fur
77%
...character whose name starts with I Icicle/Igloo/Inchworm/Indigo/Invincible Lord/Io/Ivory/Ivy
77%
...LGBT character Anemone/Axolotl/Burnet/Copperhead/Jambu/Pineapple/Sage/Silverspot/Snowflake/Snowfox/Sundew/Tamarin/Umber/Willow
74%
...commander Belladonna/Brook/Ivory/Linden/Needle/Piranha/Shark/Six-Claws/Swamp/Tempest
71%
...animus dragon Albatross/Anemone/Arctic/Caribou/Darkstalker/Diamond/Fathom/Frostbite/Jerboa/Jerboa III/Opal/Orca/Penguin/Stonemover/Turtle
70%
...character whose name starts with K Katydid/Kelp/Kestrel/Kindle/Kinkajou
70%
...character whose name starts with Q Qibli/Quartz/Quickdeath/Quicksand/Quickstrike
70%
...assassin Cobra/Deathbringer/Quickdeath/Quickstrike
68%
...hybrid Commodore/Darkstalker/Eclipse/Fierceclaws/Firefly/Jewel/Orange/Peacemaker/Shadowhunter/Sunny/Tortoiseshell/Typhoon/Whiteout
68%
...arena combatant Arbutus/Cardinal/Clay/Cranberry/Fjord/Gill/Horizon/Peril/Rowan/Starflight/Tsunami
67%
...disabled dragon Addax/Battlewinner/Chameleon/Clay/Dune/Flame/Jerboa III/Mayfly/Onyx/Osprey/Peregrine/Sapphire/Scarlet/Sequoia/Sky/Snowflake/Starflight/Stonemover/Tamarin/Tau/Vengeance/Wasp
65%
...outclaw Addax/Armadillo/Dune/Kindle/Ostrich/Parch/Qibli/Six-Claws/Tawny/Thorn
64%
...character whose name starts with N Narwhal/Nautilus/Needle/Nettle/Newt
62%
...character whose name starts with U Umber/Undauntable/Urchin
61%
...deuteragonist (2nd main character) Anemone/Daffodil/Fatespeaker/Indigo/Jambu/Jerboa III/Kinkajou/Lynx/Riptide/Sky/Swordtail/Willow
52%
...othermind infected character Aphid/Belladonna/Blue/Bombardier/Bullfrog/Cadelle/Carabid/Chafer/Cricket/Dusky/Earthworm/Earwig/Glowworm/Grasshopper/Hawker/Hawthorn/Inchworm/Katydid/Lubber/Luna/Malachite/Midge/Nettle/Pinacate/Pineapple/Rootworm/Sandfly/Sequoia/Swordtail/The Librarian/Treehopper/Vole/Wasp/Weevil/Wolfsbane
52%
...character with a multi-word name Cobra Lily/Fruit Bat/Great Ice Dragon/Invincible Lord/Jewel-eyes/Polar Bear/Six-Claws/The Librarian/The Prophetess/Toe-fur
47%
...character who shares their name with another Bullfrog/Cardinal/Caribou/Cicada/Cinnabar/Eagle/Eclipse/Jerboa/Jewel/Lagoon/Monarch/Ostrich/Pearl/Rowan/Snail/Snowstorm/Tawny/Tortoiseshell/Whitespeck
35%
...BeetleWing Commodore/Jewel/Orange/Sunstreak/Tortoiseshell
26%
...folklore character Ash/Comet/Droplet/Great Ice Dragon/Guava/Juniper/Mindhealer/Rowan/The Prophetess
14%
No matching quizzes found
Score Distribution
Percent of People with Each Score
Percentile by Number Answered
Your Score History
You have not taken this quiz